| 000 | 00477cam a2200181ua 4500 | ||
|---|---|---|---|
| 020 | _c25.00 | ||
| 041 |
_amal _h |
||
| 082 |
_a028.73494 _bNAR/NA |
||
| 100 | _aNarayana Panicker, R . | ||
| 245 |
_aNavayuga bhasha nigandu / _cR Narayana Panicker. _hTextual Documents |
||
| 250 |
_a3 / _b. |
||
| 260 |
_aThiruvananthapuram : _bThe Reddiar Press & Book Depot , _c1964. |
||
| 300 | _a988 ; . | ||
| 365 | _a25.00 | ||
| 504 | _a | ||
| 942 | _cBK | ||
| 999 |
_c10193 _d10193 |
||